000 00500nam a22001697a 4500
005 20260303114530.0
008 260303b |||||||| |||| 00| 0 eng d
020 _a978-9966-57-564-7
100 _aNDIHO, PRISCILLA
245 _aSPORTLIGHT BIOLOGY:LERNER'S BOOK, GRADE 10
260 _aNAIROBI
_bSPORTLIGTH PUBLISHING
_c2025
300 _aIII,212P.
500 _aINCLUDES BIBLIOGRAPHICAL REFERENCES
650 _aBIOLOGY-TEXTBOOK
700 _aJOSEPH MUTHENDE, DAMARIS KELI
942 _2lcc
_cBK
999 _c216753
_d216753